| 000 | 00740cam a2200277 4500 | ||
|---|---|---|---|
| 008 | 090401t1998 xxu||||| |||| 00| 0 eng d | ||
| 020 | _a0854068740 | ||
| 035 | _a(Sirsi) u85002 | ||
| 041 | _aeng | ||
| 050 | _a690.231 | ||
| 110 |
_aRoyal Institution of Chartered Surveyors _94900 |
||
| 245 | _aReusing our heritage : the adaptive reuse of Victorian and Edwardian hospitals and asylums. | ||
| 260 |
_aLondon _bRICS _c1998 |
||
| 300 | _a51p. ; 30cm. | ||
| 350 | _a0 | ||
| 490 | _aRICS Research | ||
| 650 | _aASYLUMS | ||
| 650 | _aCONVERSION | ||
| 650 | _aHOSPITALS | ||
| 650 | _aRESIDENTIAL CONVERSIONS | ||
| 650 | _aREUSE | ||
| 690 | _aBUILT ENVIRONMENT | ||
| 700 | _aMayo, Robert | ||
| 942 | _n0 | ||
| 948 | _c18/03/1998 | ||
| 999 |
_c96998 _d96998 |
||